| 000 | 00387 a2200109 4500 | ||
|---|---|---|---|
| 001 | ART_2713 | ||
| 005 | 20260410161709.0 | ||
| 008 | 260409a | ||
| 245 | 1 | 0 | _aLa públicación de los prónosticos y el mecanismo de realimentación en un modelo de telaraña |
| 100 | 1 | _aVillanueva, Javier | |
| 773 | 0 |
_tDesarrollo económico _g- Vol. 1, Nº 2 (jul./sep. 1961) _wREV1174 |
|
| 999 |
_c15931 _d15931 |
||